000 01094nam a2200325 a 4500
001 000016608
003 DO-SdBNP
005 20171113111435.0
007 000016608
008 100308s2005 sp a 000 0 spa d
020 _a9568090657
040 _aBPMSU
_bspa
_cBPMSU
082 4 _a796.077
_bV145g
100 _4Valdés Opazo, Enzo.
245 1 0 _aGuía práctica para docentes de enseñanza básica :
_beducación física /
_cEnzo Valdés Opazo ; ilustraciones Gonzalo Díaz Vásquez.
246 _aEducación física
260 _aBarcelona :
_bBibliográfica Internacional,
_c2005
300 _a580 p. :
_bil. ;
_c29 cm.
650 _aEDUCACIÓN FÍSICA
_vGUÍAS
650 _aEDUCACIÓN FÍSICA
_vMANUALES
650 _2JUEGOS EDUCATIVOS
700 _4Díaz Vásquez, Gonzalo,
_eil.
740 _aEducación física
910 _aValidado. Control de calidad MFF
930 1 _lBND01
_mLF1
_820100308
_f01
_pCT
_g11298
942 _2ddc
_cBK
945 _aInventariado, 2017/MFF
956 _aIGARCIA
_b10
_c20100709
_lBND01
_h0948
956 _aVMATEO
_b10
_c20150925
_lBPMSU
_h00151
999 _c8290
_d8290